Liverpool FC Players by Shirt Number (Updated) - Statistics

General Stats
  • This quiz has been taken 154 times
    131 since last reset
  • The average score is 16 of 32
Answer Stats
Number Player % Correct
1 Alisson Becker
95%
4 Virgil van Dijk
87%
3 Fabinho
74%
7 James Milner
74%
11 Mohamed Salah
74%
10 Sadio Mané
73%
5 Ibrahima Konaté
71%
9 Roberto Firmino
71%
6 Thiago Alcântara
66%
8 Naby Keïta
63%
14 Jordan Henderson
62%
66 Trent Alexander-Arnold
58%
17 Curtis Jones
57%
12 Joe Gomez
56%
15 Alex Oxlade-Chamberlain
53%
20 Diogo Jota
50%
32 Joël Matip
50%
13 Adrián
49%
26 Andrew Robertson
49%
27 Divock Origi
46%
21 Konstantinos Tsimikas
43%
18 Takumi Minamino
41%
67 Harvey Elliott
35%
62 Caoimhin Kelleher
31%
47 Nathaniel Phillips
29%
76 Neco Williams
25%
46 Rhys Williams
25%
23 Xherdan Shaqiri
22%
22 Loris Karius
14%
58 Ben Woodburn
11%
28 Ben Davies
6%
54 Sheyi Ojo
4%
No matching quizzes found
Score Distribution
Percent of People with Each Score
Percentile by Number Answered
Your Score History
You have not taken this quiz since the last reset